Progress in low temperature physics Vol. 3.

Uložené v:
Podrobná bibliografia
Hlavný autor: Gorter, C. J.
Médium: Kniha
Jazyk:Slovak
Vydané: 1964.
Tagy: Pridať tag
Žiadne tagy, Buďte prvý kto otaguje tento záznam!

MARC

LEADER 00000nam a22000004a 4500
001 000528310
005 20161128142935.0
008 161128s1964 xo e 000 0 slo d
040 |a SVKKK  |b slo  |c SVKKK  |e AACR2 
100 1 |a Gorter, C. J. 
245 1 0 |a Progress in low temperature physics Vol. 3. 
260 |c 1964. 
500 |a Záznam revízie 
910 |a svkkk 
998 |a BK 
090 |g SCKHL  |k Sklad Pribinova 2. posch.  |a X0.6906  |j 030558  |i 2720357342  |s Absenčne